| 000 | 00882cam a2200229 i 4500 | ||
|---|---|---|---|
| 999 |
_c58123 _d58123 |
||
| 001 | 19593604 | ||
| 005 | 20210621134425.0 | ||
| 008 | 170412s2016 nyu b 001 0 eng d | ||
| 020 | _a9781338038545 | ||
| 041 | _aeng | ||
| 080 | _a376+616.8 B-78 | ||
| 100 | 1 |
_aBoroson, Barbara _912100 |
|
| 245 | 1 | 0 |
_aAutism spectrum disorder in the inclusive classroom / _cBarbara Boroson. |
| 250 | _a2nd edition. | ||
| 264 | 1 |
_aNew York : _bScholastic, _c2016. |
|
| 300 |
_a240 pages ; _c28 cm. |
||
| 653 | _aაუტიზმის სპექტრის დარღვევების მქონე ბავშვები | ||
| 653 | _aДети с расстройствами аутистического спектра | ||
| 653 | _aინკლუზიური განათლება | ||
| 653 | _aИнклюзивное образование | ||
| 942 |
_2udc _cBK |
||